LEADER 01900nas 2200577-a 450 001 996251284603316 005 20230217213020.0 011 $a1552-3845 035 $a(DE-599)ZDB2604898-X 035 $a(OCoLC)54951585 035 $a(CKB)111035580209006 035 $a(CONSER)--2004215758 035 $a(EXLCZ)99111035580209006 100 $a20040414b20002010 s-- a 101 0 $aeng 135 $aurcnu|||||||| 181 $ctxt$2rdacontent 182 $cc$2rdamedia 183 $acr$2rdacarrier 200 10$aComplementary health practice review 210 $a[Thousand Oaks, Calif.] $cSage Publications 300 $aRefereed/Peer-reviewed 311 $a1533-2101 531 $aCOMPLEMENT HEALTH PRACT REV 531 0 $aComplement. health pract. rev. 606 $aAlternative medicine$vPeriodicals 606 $aComplementary Therapies 606 $aMédecines parallèles$3(CaQQLa)201-0000525$vPériodiques$3(CaQQLa)201-0378307 606 $aSciences de la santé$3(CaQQLa)201-0000875$vPériodiques$3(CaQQLa)201-0378307 606 $aAlternative medicine$2fast$3(OCoLC)fst00806153 606 $aHealth$2mifhgg 606 $aMédecine douce$2rasuqam 608 $aperiodicals.$2aat 608 $aPeriodicals.$2fast 608 $aPeriodicals.$2lcgft 608 $aPériodique électronique (Descripteur de forme)$2rasuqam 608 $aRessource Internet (Descripteur de forme)$2rasuqam 608 $aPériodiques.$2rvmgf 610 $aAlternative Medicine 615 0$aAlternative medicine 615 2$aComplementary Therapies. 615 6$aMédecines parallèles 615 6$aSciences de la santé 615 7$aAlternative medicine. 615 7$aHealth. 615 17$aMédecine douce. 676 $a615 906 $aJOURNAL 912 $a996251284603316 996 $aComplementary health practice review$92153995 997 $aUNISA LEADER 01551oam 2200421M 450 001 9910716229503321 005 20200213070523.1 035 $a(CKB)5470000002519832 035 $a(OCoLC)1065815163 035 $a(OCoLC)995470000002519832 035 $a(EXLCZ)995470000002519832 100 $a20071213d1926 ua 0 101 0 $aeng 135 $aurcn||||||||| 181 $ctxt$2rdacontent 182 $cc$2rdamedia 183 $acr$2rdacarrier 200 10$aAmerican's Creed. A summary of American civic faith by William Tyler Page. June 4, 1926 --Ordered to be printed with illustrations 210 1$a[Washington, D.C.] :$c[U.S. Government Printing Office],$d1926. 215 $a1 online resource (4 pages) $cillustrations 225 1 $aHouse document / 69th Congress, 1st session. House ;$vno. 416 225 1 $a[United States congressional serial set ] ;$v[serial no. 8579] 300 $aBatch processed record: Metadata reviewed, not verified. Some fields updated by batch processes. 300 $aFDLP item number not assigned. 606 $aIdeology 606 $aPatriotism 608 $aLegislative materials.$2lcgft 615 0$aIdeology. 615 0$aPatriotism. 701 $aPage$b William Tyler$01411379 801 0$bWYU 801 1$bWYU 801 2$bOCLCO 801 2$bOCLCQ 906 $aBOOK 912 $a9910716229503321 996 $aAmerican's Creed. A summary of American civic faith by William Tyler Page. June 4, 1926 --Ordered to be printed with illustrations$93502543 997 $aUNINA